| 000 | 00441nam a2200169Ia 4500 | ||
|---|---|---|---|
| 008 | 180921t1972 xxu||||| |||| 00| 0 eng d | ||
| 041 | _aeng | ||
| 080 |
_a572.9(=961) _b |
||
| 100 | _aShaw, M | ||
| 245 | 4 | _aThe hottentots/Die hottentotte | |
| 260 |
_bSouth africa museum _aCape town _c1972 |
||
| 300 | _a16p., ill., 27 cm | ||
| 650 |
_aAnthropology _aAfrica |
||
| 942 | _cBK | ||
| 999 |
_c13703 _d13703 |
||
| 003 | LK-CoDNM | ||
| 040 |
_aLK-CoDNM _dLK-CoDNM _eLK-CoDNM |
||